ARRUPE JESUIT UNIVERSITY

CORONAVIRUS -STOP THE SPREAD - CLEAN,DISINFECT,COVER

Starting with Wittgenstein / (Record no. 120605)

MARC details
000 -LEADER
fixed length control field 01482cam a22003614a 4500
001 - CONTROL NUMBER
control field 16265076
003 - CONTROL NUMBER IDENTIFIER
control field ARRUPE
005 - DATE AND TIME OF LATEST TRANSACTION
control field 20150324020007.0
008 - FIXED-LENGTH DATA ELEMENTS--GENERAL INFORMATION
fixed length control field 100603s2011 enk 000 0 eng
010 ## - LIBRARY OF CONGRESS CONTROL NUMBER
LC control number 2010023062
020 ## - INTERNATIONAL STANDARD BOOK NUMBER
International Standard Book Number 9781847061416
020 ## - INTERNATIONAL STANDARD BOOK NUMBER
International Standard Book Number 1847061419
020 ## - INTERNATIONAL STANDARD BOOK NUMBER
International Standard Book Number 9781847061423
020 ## - INTERNATIONAL STANDARD BOOK NUMBER
International Standard Book Number 1847061427
035 ## - SYSTEM CONTROL NUMBER
System control number (OCoLC)ocn639574704
040 ## - CATALOGING SOURCE
Original cataloging agency DLC
Transcribing agency DLC
Modifying agency YDX
-- ERASA
-- YDXCP
-- VKC
-- CDX
-- BWX
-- DLC
050 00 - LIBRARY OF CONGRESS CALL NUMBER
Classification number B3376.W564
Item number T42 2011
082 00 - DEWEY DECIMAL CLASSIFICATION NUMBER
Classification number 192
Edition number 22
300 ## - PHYSICAL DESCRIPTION
Dimensions 22 cm.
100 1# - MAIN ENTRY--PERSONAL NAME
Personal name Tejedor, Chon.
9 (RLIN) 10568
245 10 - TITLE STATEMENT
Title Starting with Wittgenstein /
Statement of responsibility, etc Chon Tejedor.
260 ## - PUBLICATION, DISTRIBUTION, ETC. (IMPRINT)
Place of publication, distribution, etc London ;
-- New York :
Name of publisher, distributor, etc Continuum,
Date of publication, distribution, etc c2011.
300 ## - PHYSICAL DESCRIPTION
Extent x, 183 p. ;
490 1# - SERIES STATEMENT
Series statement Continuum's starting with
505 0# - FORMATTED CONTENTS NOTE
Formatted contents note Language and logic -- Thoughts and the self -- Logic and ethics -- Language and use -- Rules and meaning -- Sensations and private languages.
600 10 - SUBJECT ADDED ENTRY--PERSONAL NAME
Personal name Wittgenstein, Ludwig,
Dates associated with a name 1889-1951.
9 (RLIN) 10569
830 #0 - SERIES ADDED ENTRY--UNIFORM TITLE
Uniform title Starting with...
9 (RLIN) 10570
856 42 - ELECTRONIC LOCATION AND ACCESS
Materials specified Contributor biographical information
Uniform Resource Identifier <a href="http://www.loc.gov/catdir/enhancements/fy1213/2010023062-b.html">http://www.loc.gov/catdir/enhancements/fy1213/2010023062-b.html</a>
856 41 - ELECTRONIC LOCATION AND ACCESS
Materials specified Table of contents only
Uniform Resource Identifier <a href="http://www.loc.gov/catdir/enhancements/fy1213/2010023062-t.html">http://www.loc.gov/catdir/enhancements/fy1213/2010023062-t.html</a>
856 42 - ELECTRONIC LOCATION AND ACCESS
Materials specified Publisher description
Uniform Resource Identifier <a href="http://www.loc.gov/catdir/enhancements/fy1213/2010023062-d.html">http://www.loc.gov/catdir/enhancements/fy1213/2010023062-d.html</a>
906 ## - LOCAL DATA ELEMENT F, LDF (RLIN)
a 7
b cbc
c orignew
d 1
e ecip
f 20
g y-gencatlg
942 ## - ADDED ENTRY ELEMENTS (KOHA)
Source of classification or shelving scheme Library of Congress Classification
Koha item type Monograph ( Printed materials)
Koha issues (borrowed), all copies 8
Holdings
Withdrawn status Lost status Source of classification or shelving scheme Damaged status Not for loan Collection code Home library Current library Shelving location Date acquired Total Checkouts Full call number Barcode Date last seen Date checked out Price effective from Koha item type
    Library of Congress Classification     Main Collection ARRUPE LIBRARY ARRUPE LIBRARY Main Collection 04/06/2014 15 B3376.W564 T42 2011 46500000682 03/05/2023 13/03/2023 04/06/2014 Monograph ( Printed materials)

 

Arrupe Library. PO Box MP320 Mt Pleasant, Harare, Zimbabwe
263 242 745411|librarian@aju.ac.zw